[Event "-chT Youth Countries 2019"]
[Site "Wuerzburg"]
[Date "2019.10.04"]
[Round "4.1"]
[White "Vuckovic, Zarko"]
[Black "Muckle, Julius"]
[Result "1-0"]
[WhiteElo "2253"]
[BlackElo "2398"]
[Annotator "NA"]
[PlyCount "85"]
[EventDate "2019.10.02"]
[EventType "team-tourn"]
[EventRounds "7"]
[EventCountry "GER"]
[SourceTitle "playchess.com"]
[Source "ChessBase"]
[SourceQuality "1"]
[WhiteTeam "Bayern 1"]
[BlackTeam "Rheinland-Pfalz"]
[TimeControl "40/5400+30:1800+30"]

1. d4 {[%emt 0:00:00]} d5 {[%emt 0:00:00]} 2. c4 {[%emt 0:00:00]} c6 {[%emt 0:00:00]} 3. cxd5 {[%emt 0:00:00]} cxd5 {[%emt 0:00:00]} 4. Bg5 {[%emt 0:00:00]} h6 {[%emt 0:04:33]} 5. Bh4 {[%emt 0:00:36]} Qb6 {[%emt 0:04:55]} 6. Nc3 {[%emt 0:00:05]} e6 {[%emt 0:10:06]} 7. Qd2 {[%emt 0:00:23]} Nc6 {[%emt 0:02:38]} 8. e3 {[%emt 0:01:09]} Bd7 {[%emt 0:02:40]} 9. Bd3 {[%emt 0:01:37]} Rc8 {[%emt 0:00:55]} 10. Nf3 {[%emt 0:01:03]} Nf6 {[%emt 0:00:21]} 11. O-O {[%emt 0:07:45]} Bb4 {[%emt 0:02:16]} 12. Bxf6 {[%emt 0:01:55]} gxf6 {[%emt 0:00:04]} 13. Rac1 {[%emt 0:02:39]} Na5 {[%emt 0:14:48]} 14. e4 {[%emt 0:10:30]} dxe4 {[%emt 0:12:57]} 15. Bxe4 {[%emt 0:00:12]} Nc4 {[%emt 0:00:13]} 16. Qf4 {[%emt 0:04:12]} f5 {[%emt 0:03:56]} 17. Bb1 {[%emt 0:19:09]} Qd6 {[%emt 0:11:30]} 18. Qh4 {[%emt 0:06:07]} Qe7 {[%emt 0:03:58]} 19. Qh5 {[%emt 0:02:19]} Nxb2 {[%emt 0:02:54]} 20. Ne2 {[%emt 0:03:26]} Bd6 {[%emt 0:11:01]} 21. d5 {[%emt 0:02:47]} Kd8 {[%emt 0:01:14]} 22. Ned4 {[%emt 0:12:18]} Qf6 {[%emt 0:01:32]} 23. Rfe1 {[%emt 0:09:20]} Na4 {[%emt 0:02:12]} 24. Rxc8+ {[%emt 0:01:00]} Kxc8 {[%emt 0:00:11]} 25. dxe6 {[%emt 0:00:26]} fxe6 {[%emt 0:00:32]} 26. Nxe6 {[%emt 0:00:23]} Re8 {[%emt 0:03:01]} 27. Bxf5 {[%emt 0:00:08]} Nc5 {[%emt 0:01:15]} 28. Rc1 {[%emt 0:02:02]} Rxe6 {[%emt 0:02:33]} 29. Bxe6 {[%emt 0:00:09]} Bxe6 {[%emt 0:01:21]} 30. Rxc5+ {[%emt 0:00:16]} Bxc5 {[%emt 0:00:02]} 31. Qxc5+ {[%emt 0:00:04]} Kd7 {[%emt 0:00:03]} 32. Ne5+ {[%emt 0:01:18]} Ke8 {[%emt 0:00:39]} 33. Qd6 {[%emt 0:04:33]} Qe7 {[%emt 0:00:29]} 34. Qd4 {[%emt 0:02:28]} Bxa2 {[%emt 0:00:44]} 35. h3 {[%emt 0:00:20]} Qe6 {[%emt 0:01:10]} 36. Qa4+ {[%emt 0:03:00]} Kd8 {[%emt 0:00:26]} 37. f4 {[%emt 0:00:15]} a6 {[%emt 0:00:41]} 38. Qe4 {[%emt 0:02:48]} Kc8 {[%emt 0:00:37]} 39. f5 {[%emt 0:00:56]} Qd5 {[%emt 0:00:01]} 40. Qf4 {[%emt 0:00:08]} Qg8 {[%emt 0:00:59]} 41. f6 {[%emt 0:02:34]} Bd5 {[%emt 0:02:32]} 42. g4 {[%emt 0:01:41] normal} Qf8 {[%emt 0:09:01]} 43. Qf5+ {[%emt 0:00:39] normal} 1-0

[Event "-chT Youth Countries 2019"]
[Site "Wuerzburg"]
[Date "2019.10.04"]
[Round "4.1"]
[White "Nguyen, Huy Dat"]
[Black "Weihrauch, Jakob"]
[Result "1/2-1/2"]
[WhiteElo "2181"]
[BlackElo "2167"]
[Annotator "NA"]
[PlyCount "41"]
[EventDate "2019.10.02"]
[EventType "team-tourn"]
[EventRounds "7"]
[EventCountry "GER"]
[SourceTitle "playchess.com"]
[Source "ChessBase"]
[SourceQuality "1"]
[WhiteTeam "Thüringen"]
[BlackTeam "Hamburg/Schleswig-Holstein"]
[TimeControl "40/5400+30:1800+30"]

1. e4 {[%emt 0:00:00]} c5 {[%emt 0:00:00]} 2. Nf3 {[%emt 0:00:00]} d6 {[%emt 0:00:00]} 3. Bc4 {[%emt 0:00:00]} Nf6 {[%emt 0:00:13]} 4. d3 {[%emt 0:00:28]} Nc6 {[%emt 0:00:26]} 5. O-O {[%emt 0:00:40]} g6 {[%emt 0:00:40]} 6. c3 {[%emt 0:01:12]} Bg7 {[%emt 0:00:14]} 7. h3 {[%emt 0:01:11]} O-O {[%emt 0:01:06]} 8. Bb3 {[%emt 0:00:16]} e5 {[%emt 0:01:54]} 9. Bg5 {[%emt 0:02:48]} h6 {[%emt 0:00:46]} 10. Be3 {[%emt 0:05:41]} b6 {[%emt 0:03:47]} 11. Ba4 {[%emt 0:12:01]} Bb7 {[%emt 0:03:06]} 12. Bxc6 {[%emt 0:00:08]} Bxc6 {[%emt 0:00:07]} 13. c4 {[%emt 0:00:02]} Ne8 {[%emt 0:05:31]} 14. Nc3 {[%emt 0:03:15]} f5 {[%emt 0:02:45]} 15. Nd5 {[%emt 0:00:57]} f4 {[%emt 0:07:21]} 16. Bd2 {[%emt 0:00:03]} Bxd5 {[%emt 0:05:24]} 17. cxd5 {[%emt 0:00:13]} g5 {[%emt 0:04:30]} 18. b4 {[%emt 0:05:29]} Nf6 {[%emt 0:03:32]} 19. bxc5 {[%emt 0:02:11]} bxc5 {[%emt 0:00:07]} 20. Rb1 {[%emt 0:00:19]} Qe8 {[%emt 0:03:56]} 21. Rb7 {[%emt 0:01:22] normal} 1/2-1/2

[Event "-chT Youth Countries 2019"]
[Site "Wuerzburg"]
[Date "2019.10.04"]
[Round "4.1"]
[White "Fromm, Marius"]
[Black "Degenhard, Simon"]
[Result "0-1"]
[WhiteElo "2124"]
[BlackElo "2084"]
[Annotator "ChessBase"]
[PlyCount "60"]
[EventDate "2019.10.02"]
[EventType "team-tourn"]
[EventRounds "7"]
[EventCountry "GER"]
[SourceTitle "playchess.com"]
[Source "ChessBase"]
[SourceQuality "1"]
[WhiteTeam "Mecklenburg-Vorpommern"]
[BlackTeam "Württemberg"]
[TimeControl "40/5400+30:1800+30"]

1. Nf3 {[%emt 0:00:00]} d5 {[%emt 0:00:00]} 2. c4 {[%emt 0:00:00]} c6 {[%emt 0:00:00]} 3. g3 {[%emt 0:00:00]} Nf6 {[%emt 0:00:00]} 4. Bg2 {[%emt 0:00:05]} dxc4 {[%emt 0:00:08]} 5. O-O {[%emt 0:00:09]} Nbd7 {[%emt 0:00:17]} 6. Na3 {[%emt 0:00:50]} Nb6 {[%emt 0:00:25]} 7. Qc2 {[%emt 0:00:04]} Be6 {[%emt 0:00:26]} 8. Ng5 {[%emt 0:07:39]} Bg4 {[%emt 0:01:33]} 9. Nxc4 {[%emt 0:11:47]} Bxe2 {[%emt 0:00:57]} 10. Ne5 {[%emt 0:00:04]} Bh5 {[%emt 0:00:36]} 11. Re1 {[%emt 0:01:06]} h6 {[%emt 0:04:12]} 12. Nh3 {[%emt 0:30:19]} Nfd7 {[%emt 0:14:43]} 13. Nf4 {[%emt 0:05:18]} Nxe5 {[%emt 0:01:07]} 14. Rxe5 {[%emt 0:00:12]} Bg4 {[%emt 0:01:52]} 15. Ng6 {[%emt 0:04:54]} Qd6 {[%emt 0:03:43]} 16. Nxh8 {[%emt 0:07:27]} Qxe5 {[%emt 0:00:55]} 17. Be4 {[%emt 0:02:17]} Be6 {[%emt 0:10:01]} 18. d3 {[%emt 0:03:13]} g5 {[%emt 0:01:29]} 19. Be3 {[%emt 0:01:07]} Nd5 {[%emt 0:02:09]} 20. Qb3 {[%emt 0:02:41]} Nb6 {[%emt 0:13:24]} 21. Qa3 {[%emt 0:02:23]} Bg7 {[%emt 0:03:19]} 22. Ng6 {[%emt 0:02:48]} fxg6 {[%emt 0:03:51]} 23. Bxg6+ {[%emt 0:00:13]} Kf8 {[%emt 0:01:40]} 24. Bxb6 {[%emt 0:00:34]} Qxb2 {[%emt 0:00:31]} 25. Qxb2 {[%emt 0:00:10]} Bxb2 {[%emt 0:00:06]} 26. Rb1 {[%emt 0:01:32]} axb6 {[%emt 0:00:23]} 27. Rxb2 {[%emt 0:00:01]} b5 {[%emt 0:00:27]} 28. Kf1 {[%emt 0:01:22]} Rxa2 {[%emt 0:00:51]} 29. Rxa2 {[%emt 0:00:17]} Bxa2 {[%emt 0:00:03]} 30. Ke2 {[%emt 0:01:42]} Kg7 {[%emt 0:01:39] normal} 0-1

[Event "-chT Youth Countries 2019"]
[Site "Wuerzburg"]
[Date "2019.10.04"]
[Round "4.2"]
[White "Krastev, Alexander"]
[Black "Arndt, Magnus"]
[Result "1/2-1/2"]
[WhiteElo "2343"]
[BlackElo "2312"]
[Annotator "TA"]
[PlyCount "91"]
[EventDate "2019.10.02"]
[EventType "team-tourn"]
[EventRounds "7"]
[EventCountry "GER"]
[SourceTitle "playchess.com"]
[Source "ChessBase"]
[SourceQuality "1"]
[WhiteTeam "Hessen"]
[BlackTeam "Schleswig-Holstein"]

{[%evp 13,91,26,31,33,33,20,29,29,32,24,25,28,32,16,19,17,10,8,28,4,12,-41,-20,-35,-18,-12,-8,-10,89,81,143,155,140,108,108,108,108,108,108,108,108,108,108,112,108,115,108,100,135,108,108,108,108,108,103,103,144,137,135,125,127,108,108,108,108,97,108,108,108,108,108,108,108,108,108,108,108,108,108,108]} 1. e4 e5 2. Nf3 Nc6 3. Bc4 Nf6 4. d3 Be7 5. O-O O-O 6. Re1 d6 7. a4 Na5 8. Ba2 {C55: Two Knights: 4 d3, 4 d4 exd4 5 e5 and Max Lange Attack} c5 9. c3 (9. Bd2 Nc6 10. h3 Be6 11. Na3 Bxa2 12. Rxa2 d5 13. exd5 Qxd5 14. Ra1 Rfe8 15. Nb5 Bd8 {0-1 (76) Mamedov,R (2667)-Yu,Y (2784) Hengshui 2019}) 9... Nc6 10. Na3 {White has an edge.} a6 11. Bd2 Rb8 12. Nc4 h6 13. a5 $146 ({Predecessor:} 13. h3 Be6 14. b4 cxb4 15. cxb4 d5 16. exd5 Bxd5 {1-0 (31) Macklin,P (2361)-Gourlay,I (2358) Telford 2018}) 13... Be6 14. b4 cxb4 15. cxb4 Re8 16. Qa4 Bg4 17. Nh4 ({Better is} 17. Re3 $11) 17... Nd4 18. Be3 Ne2+ 19. Rxe2 Bxe2 20. Nf5 Bh5 {[#]} (20... d5 $11 {remains equal.} 21. Nxe5 Bd6) 21. Bb6 $1 $16 {[%cal Rb6d8]} Qd7 (21... Qc8 $142) 22. Qxd7 Nxd7 23. Ncxd6 Nxb6 24. Nxe8 Rxe8 25. Nxe7+ Rxe7 26. axb6 {[%mdl 4096] Endgame KRB-KRB} Rd7 27. Bd5 {[#] Strongly threatening b5!} Rd6 28. Bxb7 Rxb6 29. Bxa6 Rxb4 30. Bc4 Rb8 31. f3 Kf8 32. g4 Bg6 33. Kf2 f6 34. Ra7 Re8 35. h4 {h5 is the strong threat.} Re7 36. Ra6 Bf7 {White is better.} 37. Bxf7 Kxf7 {KR-KR} 38. h5 Rb7 39. Ra1 Rc7 40. Ke3 Rd7 41. Ra5 Rb7 42. Ra4 Ke7 43. d4 Rb3+ 44. Kf2 {And now Ra7+ would win.} exd4 45. Rxd4 Ra3 46. Rb4 {Accuracy: White = 61%, Black = 63%.} 1/2-1/2

[Event "-chT Youth Countries 2019"]
[Site "Wuerzburg"]
[Date "2019.10.04"]
[Round "4.2"]
[White "Koelle, Tobias"]
[Black "Lange, Jannis"]
[Result "1/2-1/2"]
[WhiteElo "2281"]
[BlackElo "2080"]
[Annotator "ChessBase"]
[PlyCount "83"]
[EventDate "2019.10.02"]
[EventType "team-tourn"]
[EventRounds "7"]
[EventCountry "GER"]
[SourceTitle "playchess.com"]
[Source "ChessBase"]
[SourceQuality "1"]
[WhiteTeam "Württemberg"]
[BlackTeam "Mecklenburg-Vorpommern"]
[TimeControl "40/5400+30:1800+30"]

1. d4 {[%emt 0:00:00]} Nf6 {[%emt 0:00:00]} 2. c4 {[%emt 0:00:00]} g6 {[%emt 0:00:00]} 3. Nc3 {[%emt 0:00:22]} d5 {[%emt 0:00:00]} 4. cxd5 {[%emt 0:00:21]} Nxd5 {[%emt 0:00:01]} 5. e4 {[%emt 0:00:06]} Nxc3 {[%emt 0:00:07]} 6. bxc3 {[%emt 0:00:02]} Bg7 {[%emt 0:00:11]} 7. Qa4+ {[%emt 0:00:05]} Nd7 {[%emt 0:08:13]} 8. Nf3 {[%emt 0:00:07]} a6 {[%emt 0:01:21]} 9. Be2 {[%emt 0:00:30]} O-O {[%emt 0:02:43]} 10. O-O {[%emt 0:00:10]} b5 {[%emt 0:01:31]} 11. Qc2 {[%emt 0:02:11]} c5 {[%emt 0:07:53]} 12. d5 {[%emt 0:00:57]} Nb6 {[%emt 0:06:33]} 13. Rb1 {[%emt 0:03:55]} Na4 {[%emt 0:14:22]} 14. Bd2 {[%emt 0:01:51]} Qa5 {[%emt 0:06:25]} 15. Rfc1 {[%emt 0:02:51]} Bg4 {[%emt 0:00:54]} 16. h3 {[%emt 0:12:20]} Bxf3 {[%emt 0:01:16]} 17. Bxf3 {[%emt 0:00:03]} c4 {[%emt 0:00:11]} 18. g3 {[%emt 0:05:54]} e6 {[%emt 0:13:16]} 19. h4 {[%emt 0:04:05]} exd5 {[%emt 0:04:45]} 20. exd5 {[%emt 0:00:18]} Rad8 {[%emt 0:00:40]} 21. h5 {[%emt 0:01:16]} Nb6 {[%emt 0:02:34]} 22. Bg5 {[%emt 0:03:40]} Rd7 {[%emt 0:03:53]} 23. d6 {[%emt 0:01:11]} Na4 {[%emt 0:01:09]} 24. Be7 {[%emt 0:01:05]} Nxc3 {[%emt 0:04:26]} 25. Bxf8 {[%emt 0:00:17]} Kxf8 {[%emt 0:00:29]} 26. h6 {[%emt 0:00:06]} Be5 {[%emt 0:02:35]} 27. Re1 {[%emt 0:04:02]} f6 {[%emt 0:06:57]} 28. Rbc1 {[%emt 0:06:50]} b4 {[%emt 0:01:14]} 29. Be4 {[%emt 0:01:39]} Kf7 {[%emt 0:02:28]} 30. Qd2 {[%emt 0:06:10]} Rxd6 {[%emt 0:02:08]} 31. Qe3 {[%emt 0:00:09]} Qb6 {[%emt 0:00:26]} 32. Qf3 {[%emt 0:02:49]} Rd2 {[%emt 0:02:33]} 33. Re3 {[%emt 0:04:32]} Bd4 {[%emt 0:02:25]} 34. Bd5+ {[%emt 0:08:09]} Kf8 {[%emt 0:01:11]} 35. Be6 {[%emt 0:00:01]} Rxf2 {[%emt 0:01:28]} 36. Kxf2 {[%emt 0:01:55]} Qxe6 {[%emt 0:00:29]} 37. Qa8+ {[%emt 0:00:20]} Ke7 {[%emt 0:00:34]} 38. Qb7+ {[%emt 0:02:15]} Kd8 {[%emt 0:00:02]} 39. Qb8+ {[%emt 0:02:21]} Kd7 {[%emt 0:00:13]} 40. Qb7+ {[%emt 0:00:48]} Kd8 {[%emt 0:00:05]} 41. Qb8+ {[%emt 0:30:26]} Kd7 {[%emt 0:30:27]} 42. Qb7+ {[%emt 0:01:06] normal Ke7} 1/2-1/2

[Event "-chT Youth Countries 2019"]
[Site "Wuerzburg"]
[Date "2019.10.04"]
[Round "4.2"]
[White "Karsay, Pascal"]
[Black "Schneider, Jana"]
[Result "1/2-1/2"]
[WhiteElo "2276"]
[BlackElo "2240"]
[Annotator "ChessBase"]
[PlyCount "61"]
[EventDate "2019.10.02"]
[EventType "team-tourn"]
[EventRounds "7"]
[EventCountry "GER"]
[SourceTitle "playchess.com"]
[Source "ChessBase"]
[SourceQuality "1"]
[WhiteTeam "Rheinland-Pfalz"]
[BlackTeam "Bayern 1"]
[TimeControl "40/5400+30:1800+30"]

1. Nf3 {[%emt 0:00:00]} d5 {[%emt 0:00:00]} 2. e3 {[%emt 0:00:15]} Nf6 {[%emt 0:00:51]} 3. c4 {[%emt 0:00:37]} e6 {[%emt 0:00:33]} 4. Nc3 {[%emt 0:00:17]} Be7 {[%emt 0:00:38]} 5. b3 {[%emt 0:00:16]} O-O {[%emt 0:00:34]} 6. Bb2 {[%emt 0:00:10]} Nbd7 {[%emt 0:02:24]} 7. g3 {[%emt 0:00:40]} Re8 {[%emt 0:05:17]} 8. Bg2 {[%emt 0:00:33]} c6 {[%emt 0:00:28]} 9. d4 {[%emt 0:00:46]} b6 {[%emt 0:04:33]} 10. O-O {[%emt 0:00:20]} Ba6 {[%emt 0:02:31]} 11. Qe2 {[%emt 0:00:10]} Rc8 {[%emt 0:00:59]} 12. e4 {[%emt 0:12:07]} Nf8 {[%emt 0:05:43]} 13. e5 {[%emt 0:04:28]} N6d7 {[%emt 0:00:42]} 14. Rad1 {[%emt 0:02:47]} Qc7 {[%emt 0:07:13]} 15. Rfe1 {[%emt 0:05:32]} Qb8 {[%emt 0:10:01]} 16. Bf1 {[%emt 0:24:04]} c5 {[%emt 0:01:50]} 17. dxc5 {[%emt 0:05:33]} Bxc5 {[%emt 0:02:05]} 18. Nb5 {[%emt 0:01:44]} Bxb5 {[%emt 0:03:07]} 19. cxb5 {[%emt 0:00:05]} Bb4 {[%emt 0:00:26]} 20. Nd4 {[%emt 0:06:43]} Bxe1 {[%emt 0:08:33]} 21. Rxe1 {[%emt 0:00:09]} Nc5 {[%emt 0:01:22]} 22. b4 {[%emt 0:02:59]} Ncd7 {[%emt 0:06:24]} 23. Qe3 {[%emt 0:01:23]} f6 {[%emt 0:09:17]} 24. exf6 {[%emt 0:00:58]} Nxf6 {[%emt 0:02:08]} 25. Nc6 {[%emt 0:08:31]} Qb7 {[%emt 0:03:14]} 26. Bd3 {[%emt 0:02:41]} Qf7 {[%emt 0:05:37]} 27. Ne5 {[%emt 0:01:04]} Qh5 {[%emt 0:01:51]} 28. Be2 {[%emt 0:00:28]} Qf5 {[%emt 0:00:18]} 29. Bd3 {[%emt 0:00:25]} Qh5 {[%emt 0:00:06]} 30. Be2 {[%emt 0:00:03]} Qf5 {[%emt 0:03:33]} 31. Bd3 {[%emt 0:01:38] normal} 1/2-1/2

[Event "-chT Youth Countries 2019"]
[Site "Wuerzburg"]
[Date "2019.10.04"]
[Round "4.2"]
[White "Niermann, Tristan"]
[Black "Knuedel, Torben"]
[Result "1-0"]
[WhiteElo "2227"]
[BlackElo "2193"]
[Annotator "NA"]
[PlyCount "85"]
[EventDate "2019.10.02"]
[EventType "team-tourn"]
[EventRounds "7"]
[EventCountry "GER"]
[SourceTitle "playchess.com"]
[Source "ChessBase"]
[SourceQuality "1"]
[WhiteTeam "Nordrhein-Westfalen"]
[BlackTeam "Niedersachsen"]
[TimeControl "40/5400+30:1800+30"]

1. d4 {[%emt 0:00:00]} Nf6 {[%emt 0:00:00]} 2. c4 e6 {[%emt 0:00:00]} 3. g3 {[%emt 0:00:00]} d5 {[%emt 0:00:00]} 4. Nf3 {[%emt 0:00:00]} Be7 {[%emt 0:00:00]} 5. Bg2 {[%emt 0:00:00]} O-O {[%emt 0:00:03]} 6. O-O {[%emt 0:00:03]} dxc4 {[%emt 0:00:04]} 7. Qc2 {[%emt 0:00:04]} a6 {[%emt 0:00:03]} 8. a4 {[%emt 0:00:07]} Bd7 {[%emt 0:00:02]} 9. Qxc4 {[%emt 0:00:05]} Bc6 {[%emt 0:00:03]} 10. Bf4 {[%emt 0:00:07]} Nbd7 {[%emt 0:00:04]} 11. Nc3 {[%emt 0:02:35]} Bd6 {[%emt 0:00:05]} 12. Bg5 {[%emt 0:08:34]} h6 {[%emt 0:00:05]} 13. Bxf6 {[%emt 0:05:39]} Nxf6 {[%emt 0:00:04]} 14. Qd3 {[%emt 0:04:51]} Bb4 {[%emt 0:06:20]} 15. Rfe1 {[%emt 0:13:20]} Bxc3 {[%emt 0:04:33]} 16. bxc3 {[%emt 0:00:30]} Be4 {[%emt 0:00:51]} 17. Qe3 {[%emt 0:01:17]} c5 {[%emt 0:06:14]} 18. Red1 {[%emt 0:15:05]} Qa5 {[%emt 0:01:36]} 19. dxc5 {[%emt 0:07:01]} Rfd8 {[%emt 0:16:52]} 20. Rd4 {[%emt 0:11:48]} Bc6 {[%emt 0:05:50]} 21. Ne5 {[%emt 0:03:13]} Bxg2 {[%emt 0:02:01]} 22. Kxg2 {[%emt 0:00:11]} Nd5 {[%emt 0:13:39]} 23. Qf3 {[%emt 0:01:47]} Qc7 {[%emt 0:00:20]} 24. Rad1 {[%emt 0:02:24]} Qxe5 {[%emt 0:08:56]} 25. e4 {[%emt 0:01:34]} Rac8 {[%emt 0:01:59]} 26. exd5 {[%emt 0:00:12]} Rxd5 {[%emt 0:01:05]} 27. Rxd5 {[%emt 0:01:04]} exd5 {[%emt 0:00:03]} 28. Rxd5 {[%emt 0:01:10]} Qe8 {[%emt 0:11:13]} 29. Qf5 {[%emt 0:07:06]} Qc6 {[%emt 0:04:32]} 30. Qd7 {[%emt 0:00:43]} Qxd7 {[%emt 0:01:24]} 31. Rxd7 {[%emt 0:00:05]} Rxc5 {[%emt 0:00:05]} 32. Rxb7 {[%emt 0:00:04]} g6 {[%emt 0:03:19]} 33. Rb6 {[%emt 0:07:53]} Ra5 {[%emt 0:00:12]} 34. Rb4 {[%emt 0:00:39]} Rc5 {[%emt 0:00:27]} 35. c4 {[%emt 0:01:32]} Rf5 {[%emt 0:02:37]} 36. f4 {[%emt 0:01:44]} h5 {[%emt 0:02:51]} 37. Kf3 {[%emt 0:00:38]} Rc5 {[%emt 0:00:11]} 38. Ke4 {[%emt 0:00:07]} Kf8 {[%emt 0:05:12]} 39. Kd4 {[%emt 0:00:38]} Ra5 {[%emt 0:00:20]} 40. c5 {[%emt 0:00:28]} Ke7 {[%emt 0:02:24]} 41. Rc4 {[%emt 0:31:00]} Kd7 {[%emt 0:32:37]} 42. Kc3 {[%emt 0:00:08]} Kc6 {[%emt 0:00:04]} 43. Kb4 {normal} 1-0

[Event "-chT Youth Countries 2019"]
[Site "Wuerzburg"]
[Date "2019.10.04"]
[Round "4.2"]
[White "Nguyen, Alex Dac-Vuong"]
[Black "Sieber, Fiona"]
[Result "0-1"]
[WhiteElo "2128"]
[BlackElo "2252"]
[Annotator "NA"]
[PlyCount "63"]
[EventDate "2019.10.02"]
[EventType "team-tourn"]
[EventRounds "7"]
[EventCountry "GER"]
[SourceTitle "playchess.com"]
[Source "ChessBase"]
[SourceQuality "1"]
[WhiteTeam "Sachsen"]
[BlackTeam "Sachsen-Anhalt"]
[TimeControl "40/5400+30:1800+30"]

1. c4 {[%emt 0:00:00]} Nf6 {[%emt 0:00:37]} 2. Nc3 {[%emt 0:00:00]} e5 {[%emt 0:02:16]} 3. Nf3 {[%emt 0:00:08]} Nc6 {[%emt 0:00:18]} 4. e4 {[%emt 0:00:07]} Bc5 {[%emt 0:17:19]} 5. Nxe5 {[%emt 0:01:48]} Nxe5 {[%emt 0:00:51]} 6. d4 {[%emt 0:00:07]} Bb4 {[%emt 0:00:50]} 7. dxe5 {[%emt 0:00:07]} Nxe4 {[%emt 0:00:23]} 8. Qf3 {[%emt 0:00:08]} f5 {[%emt 0:06:04]} 9. Be2 {[%emt 0:21:00]} O-O {[%emt 0:01:42]} 10. O-O {[%emt 0:00:14]} Bxc3 {[%emt 0:01:49]} 11. bxc3 {[%emt 0:00:05]} b6 {[%emt 0:01:23]} 12. Ba3 {[%emt 0:03:06]} c5 {[%emt 0:04:16]} 13. Qd3 {[%emt 0:04:22]} Bb7 {[%emt 0:00:31]} 14. Rad1 {[%emt 0:01:13]} Bc6 {[%emt 0:01:41]} 15. Bc1 {[%emt 0:10:20]} Qe7 {[%emt 0:10:29]} 16. f3 {[%emt 0:02:08]} Ng5 {[%emt 0:01:32]} 17. Rfe1 {[%emt 0:14:32]} Rae8 {[%emt 0:08:43]} 18. Qd6 {[%emt 0:11:31]} Qxd6 {[%emt 0:01:44]} 19. Rxd6 {[%emt 0:01:23]} Nf7 {[%emt 0:00:38]} 20. Rxc6 {[%emt 0:00:05]} dxc6 {[%emt 0:00:10]} 21. f4 {[%emt 0:00:06]} g5 {[%emt 0:05:26]} 22. Bh5 {[%emt 0:06:15]} Re7 {[%emt 0:03:31]} 23. g4 {[%emt 0:05:48]} fxg4 {[%emt 0:08:29]} 24. e6 {[%emt 0:00:56]} Nd8 {[%emt 0:03:54]} 25. f5 {[%emt 0:00:21]} h6 {[%emt 0:08:14]} 26. Bxg4 {[%emt 0:00:23]} Kg7 {[%emt 0:00:27]} 27. h4 {[%emt 0:02:47]} Kf6 {[%emt 0:00:28]} 28. hxg5+ {[%emt 0:01:57]} hxg5 {[%emt 0:00:02]} 29. Be3 {[%emt 0:00:47]} Nb7 {[%emt 0:04:32]} 30. Kg2 {[%emt 0:02:46]} Nd6 {[%emt 0:03:20]} 31. Bg1 {[%emt 0:03:37]} Nxc4 {[%emt 0:01:13]} 32. Bh2 {[%emt 0:02:08] normal} 0-1

[Event "-chT Youth Countries 2019"]
[Site "Wuerzburg"]
[Date "2019.10.04"]
[Round "4.2"]
[White "Holinka, Henning"]
[Black "Ratay, Meike"]
[Result "1-0"]
[WhiteElo "2101"]
[BlackElo "2032"]
[Annotator "NA"]
[PlyCount "63"]
[EventDate "2019.10.02"]
[EventType "team-tourn"]
[EventRounds "7"]
[EventCountry "GER"]
[SourceTitle "playchess.com"]
[Source "ChessBase"]
[SourceQuality "1"]
[WhiteTeam "Hamburg/Schleswig-Holstein"]
[BlackTeam "Thüringen"]
[TimeControl "40/5400+30:1800+30"]

1. e4 {[%emt 0:00:00]} c5 {[%emt 0:00:00]} 2. Nf3 {[%emt 0:00:00]} d6 {[%emt 0:00:00]} 3. d4 {[%emt 0:00:00]} Nf6 {[%emt 0:00:00]} 4. Nc3 {[%emt 0:00:00]} cxd4 {[%emt 0:00:00]} 5. Nxd4 {[%emt 0:00:01]} a6 {[%emt 0:00:00]} 6. Bg5 {[%emt 0:00:07]} e6 {[%emt 0:00:00]} 7. f4 {[%emt 0:00:07]} Nbd7 {[%emt 0:00:02]} 8. Qe2 {[%emt 0:00:58]} Qc7 {[%emt 0:02:05]} 9. O-O-O {[%emt 0:01:55]} b5 {[%emt 0:03:34]} 10. a3 {[%emt 0:05:47]} Bb7 {[%emt 0:06:02]} 11. g4 {[%emt 0:03:51]} Rc8 {[%emt 0:09:49]} 12. Rg1 {[%emt 0:06:40]} h6 {[%emt 0:13:55]} 13. Bh4 {[%emt 0:05:04]} Nb6 {[%emt 0:05:41]} 14. Rg3 {[%emt 0:22:56]} Be7 {[%emt 0:11:57]} 15. Rh3 {[%emt 0:04:41]} Nc4 {[%emt 0:08:31]} 16. Be1 {[%emt 0:06:17]} Qb6 {[%emt 0:07:26]} 17. g5 {[%emt 0:03:55]} Nd7 {[%emt 0:00:41]} 18. g6 {[%emt 0:05:26]} b4 {[%emt 0:03:15]} 19. gxf7+ {[%emt 0:01:19]} Kxf7 {[%emt 0:00:20]} 20. axb4 {[%emt 0:03:04]} Qxb4 {[%emt 0:00:49]} 21. Nb3 {[%emt 0:00:56]} Bf6 {[%emt 0:05:59]} 22. e5 {[%emt 0:02:16]} Be7 {[%emt 0:06:50]} 23. Rg3 {[%emt 0:07:56]} g6 {[%emt 0:01:57]} 24. Nd5 {[%emt 0:01:55]} Qa4 {[%emt 0:01:34]} 25. Nxe7 {[%emt 0:02:25]} Qa2 {[%emt 0:01:44]} 26. Bc3 {[%emt 0:01:23]} Kxe7 {[%emt 0:01:47]} 27. Rxg6 {[%emt 0:02:36]} d5 {[%emt 0:03:12]} 28. Rxe6+ {[%emt 0:04:05]} Kxe6 {[%emt 0:00:57]} 29. Qg4+ {[%emt 0:00:19]} Ke7 {[%emt 0:01:02]} 30. Qg7+ {[%emt 0:00:36]} Kd8 {[%emt 0:00:13]} 31. Qxh8+ {[%emt 0:00:37]} Kc7 {[%emt 0:00:10]} 32. Qg7 {[%emt 0:00:46] normal} 1-0